| 000 | 00927nam a22002891i 4500 | ||
|---|---|---|---|
| 999 |
_c2714 _d2714 |
||
| 001 | 015636249 | ||
| 003 | Uk | ||
| 005 | 20230811161258.0 | ||
| 008 | 130418s2010 enkab j 001 0 eng|d | ||
| 020 | _a9781850085522 (paperback) : | ||
| 040 |
_aStDuBDS _beng _cStDuBDS _erda _dKH8 |
||
| 042 | _aukblsr | ||
| 082 | 0 | 4 | _a363.325 WIL |
| 100 | 1 |
_aWilkes, A. _q(Aaron), _eauthor. |
|
| 245 | 1 | 0 |
_aTerrorism : _bthe rise of terror tactics in the modern world / _cAaron Wilkes. |
| 264 | 1 |
_aHaddenham, Buckinghamshire : _bFolens, _c2010. |
|
| 300 |
_a64 pages : _billustrations (black and white, and colour), maps ; _c28 cm. |
||
| 336 |
_atext _2rdacontent |
||
| 336 |
_astill image _2rdacontent |
||
| 336 |
_acartographic image _2rdacontent |
||
| 337 |
_aunmediated _2rdamedia |
||
| 338 |
_avolume _2rdacarrier |
||
| 490 | 0 | _aDepth study | |
| 500 | _aIncludes index. | ||
| 650 | 0 |
_aTerrorism _vJuvenile literature. |
|
| 942 |
_2ddc _cTR |
||